[Event "Valencia Cuna op 6th"]
[Site "Valencia"]
[Date "2025.07.07"]
[Round "3"]
[White "Arizmendi Martinez, Julen Luis"]
[Black "Cruz Lledo, Pablo"]
[Result "1/2-1/2"]
[WhiteElo "2497"]
[BlackElo "2426"]
[PlyCount "244"]
[EventDate "2025.07.05"]
[EventType "swiss"]
[EventRounds "9"]
[EventCountry "ESP"]
[SourceTitle "CB28_2025"]
[SourceDate "2025.07.09"]
[SourceVersion "1"]
[SourceVersionDate "2025.07.09"]
[SourceQuality "1"]

1. e4 c5 2. Nf3 Nc6 3. Bb5 e6 4. Bxc6 bxc6 5. d3 Qc7 6. 0-0 e5 7. c3 Nf6 8. Bg5 Be7 9. d4 d6 10. dxe5 dxe5 11. Nbd2 0-0 12. Re1 Rd8 13. Qa4 h6 14. Bh4 Bg4 15. h3 Bh5 16. g4 Bg6 17. Bg3 Nd7 18. Nc4 f6 19. Nh4 Bf7 20. Nf5 Bf8 21. Nfe3 Nb6 22. Qa6 Qc8 23. Qxc8 Raxc8 24. Na5 Rd2 25. b3 c4 26. Red1 Rb2 27. b4 c5 28. a3 Na4 29. Rdc1 Rd2 30. Naxc4 Rd3 31. Kf1 Rxc3 32. b5 Rxc1+ 33. Rxc1 Rb8 34. f4 exf4 35. Bxf4 Rxb5 36. e5 Rb3 37. exf6 gxf6 38. Kf2 Nb2 39. Nxb2 Rxb2+ 40. Rc2 Rb3 41. Rd2 Be6 42. Nf5 Rxa3 43. Rd8 Kf7 44. Nd6+ Bxd6 45. Bxd6 Ra2+ 46. Kg3 c4 47. Rf8+ Kg7 48. Re8 Bf7 49. Rc8 Rd2 50. Bf8+ Kg6 51. h4 Rd3+ 52. Kf2 Be6 53. h5+ Kf7 54. Ra8 Bxg4 55. Bxh6 Rd7 56. Be3 Bxh5 57. Rc8 Rb7 58. Rxc4 Rb2+ 59. Kg3 a6 60. Rc6 Rb3 61. Kf2 Ra3 62. Bd4 Rf3+ 63. Ke1 Rd3 64. Bxf6 a5 65. Bc3 a4 66. Bb4 Rb3 67. Bd6 a3 68. Ra6 Rb1+ 69. Kd2 a2 70. Be5 Rd1+ 71. Kc2 Re1 72. Rxa2 Rxe5 73. Kc3 Ke6 74. Ra6+ Kf5 75. Rd6 Bf7 76. Rd4 Rc5+ 77. Kd2 Ke5 78. Rh4 Bg6 79. Rh8 Rc2+ 80. Ke3 Rc3+ 81. Kd2 Ra3 82. Rb8 Bf7 83. Rb7 Bc4 84. Re7+ Kd4 85. Rd7+ Bd5 86. Rd8 Ra2+ 87. Kd1 Kc5 88. Ke1 Rh2 89. Rd7 Kd4 90. Kd1 Ke4 91. Kc1 Ra2 92. Rd8 Rg2 93. Rd7 Bc4 94. Rd2 Rg7 95. Kc2 Rc7 96. Rh2 Bd3+ 97. Kb3 Kd4 98. Rh4+ Be4 99. Kb4 Rb7+ 100. Ka4 Rb1 101. Rg4 Kd3 102. Ka5 Rb8 103. Rh4 Kd4 104. Ka4 Rb1 105. Rg4 Re1 106. Kb4 Rh1 107. Rf4 Rb1+ 108. Ka4 Ke5 109. Rh4 Bd5 110. Rb4 Ra1+ 111. Kb5 Kd6 112. Rb2 Rc1 113. Rb4 Rc8 114. Kb6 Rc7 115. Kb5 Rc6 116. Rh4 Rc3 117. Rb4 Rc7 118. Kb6 Rc3 119. Kb5 Ra3 120. Kb6 Ra8 121. Kb5 Bc6+ 122. Kc4 Rh8 1/2-1/2

[Event "Sant Boi de Llobregat op 5th"]
[Site "Sant Boi de Llobregat"]
[Date "2024.12.01"]
[Round "3"]
[White "Arizmendi Martinez, Julen Luis"]
[Black "Molenda, Marcin"]
[Result "1-0"]
[WhiteElo "2493"]
[BlackElo "2359"]
[PlyCount "85"]
[EventDate "2024.11.29"]
[EventType "swiss"]
[EventRounds "10"]
[EventCountry "ESP"]
[SourceTitle "CB50_2024"]
[SourceDate "2024.11.01"]
[SourceVersion "1"]
[SourceVersionDate "2024.11.01"]
[SourceQuality "2"]

1. e4 e5 2. Nf3 Nc6 3. Bc4 Bc5 4. c3 Nf6 5. d3 d6 6. 0-0 a5 7. Re1 0-0 8. h3 h6 9. Nbd2 Ba7 10. Nf1 Be6 11. Bb5 Ne7 12. Ng3 Ng6 13. d4 c6 14. Bd3 Re8 15. Be3 Bd7 16. Qc2 Qc7 17. Rad1 b5 18. c4 Rac8 19. dxe5 dxe5 20. c5 Nf4 21. Bf1 Bb8 22. Nh4 g6 23. b3 Be6 24. Nf3 Rcd8 25. Qc3 Kh7 26. Rxd8 Rxd8 27. Bxf4 exf4 28. Nf5 Ne8 29. Nxh6 Qe7 30. Nf5 Qf8 31. N5d4 b4 32. Qc2 Bd7 33. Bc4 Qxc5 34. e5 Kg7 35. e6 fxe6 36. Rxe6 Nf6 37. Qe2 Bd6 38. Qb2 Rf8 39. Qd2 Kh8 40. Qd3 Kh7 41. Nh4 Qh5 42. Rxd6 Qxh4 43. Nf3 1-0

[Event "Sant Boi de Llobregat op 5th"]
[Site "Sant Boi de Llobregat"]
[Date "2024.11.30"]
[Round "2"]
[White "Ruiz Buendia, Miguel"]
[Black "Arizmendi Martinez, Julen Luis"]
[Result "1/2-1/2"]
[WhiteElo "2310"]
[BlackElo "2493"]
[PlyCount "90"]
[EventDate "2024.11.29"]
[EventType "swiss"]
[EventRounds "10"]
[EventCountry "ESP"]
[SourceTitle "CB50_2024"]
[SourceDate "2024.11.01"]
[SourceVersion "1"]
[SourceVersionDate "2024.11.01"]
[SourceQuality "2"]

1. e4 c6 2. d4 d5 3. Nc3 dxe4 4. Nxe4 Nf6 5. Nxf6+ exf6 6. c3 Bd6 7. Bd3 h5 8. Ne2 h4 9. h3 Qc7 10. 0-0 Nd7 11. Re1 Kf8 12. c4 c5 13. Be3 g6 14. Nc3 a6 15. Nd5 Qd8 16. Qd2 Kg7 17. Rad1 a5 18. dxc5 Bxc5 19. Bxc5 Nxc5 20. Bxg6 Be6 21. Bc2 Bxd5 22. cxd5 Qd6 23. Qd4 Rh5 24. Re3 Rah8 25. a3 Rg5 26. b4 axb4 27. axb4 Nd7 28. f4 Rgh5 29. Qe4 Nb6 30. Qe7 Qxe7 31. Rxe7 Nxd5 32. Rxb7 Ne3 33. Rd2 Nxc2 34. Rxc2 Rf5 35. Rc4 Ra8 36. Kf2 Ra2+ 37. Kf3 Rd5 38. Rcc7 Kg6 39. Ke4 Rad2 40. f5+ Rxf5 41. Rxf7 Re5+ 42. Kf3 Rd3+ 43. Kf2 Rd2+ 44. Kf3 Rd3+ 45. Kf2 Rd2+ 1/2-1/2

[Event "Galdar op"]
[Site "Galdar"]
[Date "2024.09.05"]
[Round "5"]
[White "Domalchuk Jonasson, Aleksandr"]
[Black "Arizmendi Martinez, Julen Luis"]
[Result "1/2-1/2"]
[WhiteElo "2366"]
[BlackElo "2517"]
[PlyCount "65"]
[EventDate "2024.09.02"]
[EventType "swiss"]
[EventRounds "9"]
[EventCountry "ESP"]
[SourceTitle "EXT 2025"]
[Source "ChessBase"]
[SourceDate "2024.10.14"]
[SourceVersion "1"]
[SourceVersionDate "2024.10.14"]
[SourceQuality "1"]

1. d4 d5 2. c4 e6 3. Nf3 Nf6 4. g3 Be7 5. Bg2 0-0 6. 0-0 c6 7. Qc2 b6 8. Nbd2 Bb7 9. e4 Na6 10. a3 c5 11. e5 Ne4 12. dxc5 Naxc5 13. b4 Nxd2 14. Nxd2 Nd7 15. cxd5 Bxd5 16. Bxd5 exd5 17. Bb2 a5 18. Qb3 b5 19. Qxd5 Nb6 20. Qd4 axb4 21. axb4 Na4 22. Ne4 Rc8 23. Rac1 Nxb2 24. Qxb2 Qd5 25. f3 Rfd8 26. Kg2 h6 27. h4 Rc4 28. Rxc4 Qxc4 29. Rc1 Qxb4 30. Qxb4 Bxb4 31. Rb1 Rd4 32. Nd6 Bxd6 33. exd6 1/2-1/2

[Event "Andorra op 40th"]
[Site "Escaldes"]
[Date "2024.07.27"]
[Round "8"]
[White "Arizmendi Martinez, Julen Luis"]
[Black "Trigo Urquijo, Sergio"]
[Result "1-0"]
[WhiteElo "2520"]
[BlackElo "2390"]
[PlyCount "105"]
[EventDate "2024.07.20"]
[EventType "swiss"]
[EventRounds "9"]
[EventCountry "AND"]
[SourceTitle "CBM 221 Extra"]
[Source "ChessBase"]
[SourceDate "2024.09.30"]
[SourceVersion "1"]
[SourceVersionDate "2024.09.30"]
[SourceQuality "1"]

1. e4 e6 2. d4 d5 3. Nd2 c5 4. Ngf3 cxd4 5. Nxd4 Nc6 6. Bb5 Bd7 7. Nxc6 bxc6 8. Bd3 Qc7 9. Qe2 Ne7 10. Nf3 Ng6 11. 0-0 Bd6 12. Re1 Nf4 13. Bxf4 Bxf4 14. c4 0-0 15. g3 dxc4 16. Bxc4 Bh6 17. h4 Rad8 18. Rad1 Bc8 19. Ba6 Bxa6 20. Qxa6 g6 21. b3 Qb6 22. Qxb6 axb6 23. Ne5 Ra8 24. Re2 c5 25. a4 Rfd8 26. Nd7 Kg7 27. Ree1 Ra7 28. Ne5 Bd2 29. Re2 Bg5 30. Rde1 Bd2 31. Rd1 Bg5 32. Rxd8 Bxd8 33. Rd2 Bf6 34. Rd7 Rxd7 35. Nxd7 Bd8 36. e5 f6 37. exf6+ Kf7 38. Kg2 Ke8 39. Ne5 Bxf6 40. Nc4 Bd8 41. Kf3 Kd7 42. Ke4 Kc6 43. Ne5+ Kc7 44. Nf7 Bf6 45. f4 Kd7 46. Ne5+ Kd6 47. Nf3 Be7 48. Ng5 c4 49. bxc4 Kc5 50. Kd3 Kb4 51. Nxe6 Kxa4 52. Ng5 h5 53. Nf7 1-0

[Event "Andorra op 40th"]
[Site "Escaldes"]
[Date "2024.07.22"]
[Round "3"]
[White "Vestby Ellingsen, Mads"]
[Black "Arizmendi Martinez, Julen Luis"]
[Result "0-1"]
[WhiteElo "2343"]
[BlackElo "2520"]
[PlyCount "170"]
[EventDate "2024.07.20"]
[EventType "swiss"]
[EventRounds "9"]
[EventCountry "AND"]
[SourceTitle "CBM 221 Extra"]
[Source "ChessBase"]
[SourceDate "2024.09.30"]
[SourceVersion "1"]
[SourceVersionDate "2024.09.30"]
[SourceQuality "1"]

1. e4 c5 2. Nf3 a6 3. c4 Nc6 4. d4 cxd4 5. Nxd4 Nf6 6. Nc3 e5 7. Nc2 Bc5 8. Be2 Nd4 9. 0-0 Nxc2 10. Qxc2 d6 11. b4 Bd4 12. Bb2 Be6 13. Nd5 Bxd5 14. exd5 Bxb2 15. Qxb2 0-0 16. Rfd1 Qb6 17. Rab1 Rfc8 18. c5 dxc5 19. bxc5 Qxc5 20. Rbc1 Qa7 21. Qxe5 Re8 22. Qb2 Ne4 23. Bd3 Nd6 24. Qb4 Qb8 25. Qh4 h6 26. Bb1 Qd8 27. Qd4 Qe7 28. g3 Rac8 29. h4 h5 30. Qd2 Qf6 31. Kg2 g6 32. Re1 Rxc1 33. Rxc1 Kg7 34. Rd1 Rc8 35. Re1 Rc4 36. Rd1 Rc3 37. Qe2 Rc4 38. Qe3 Rb4 39. Bd3 Rb2 40. a4 Rb4 41. Bc2 Rc4 42. Bb3 Re4 43. Qd3 Qe5 44. Rd2 Re1 45. Rc2 Rb1 46. Ba2 Rb4 47. Re2 Qd4 48. Qxd4+ Rxd4 49. Bb3 Rd3 50. Bc2 Rc3 51. Kf1 Rc5 52. Bb3 Rc1+ 53. Re1 Rc3 54. Bd1 Kf8 55. Ke2 Nc4 56. d6 Nxd6 57. Kd2 Ra3 58. f3 Nc4+ 59. Kc2 Re3 60. Rg1 Ne5 61. Rf1 Ra3 62. Kb1 Nc4 63. Rh1 Nd2+ 64. Kb2 Re3 65. g4 Nxf3 66. gxh5 gxh5 67. Rh3 Ne5 68. Rxe3 Nc4+ 69. Kc3 Nxe3 70. Bxh5 Nd5+ 71. Kd4 Nf4 72. Bf3 Ne6+ 73. Ke5 Nc5 74. Kd6 Nxa4 75. Bxb7 a5 76. Bc6 Nc3 77. Ke5 a4 78. Kd4 Ne2+ 79. Ke5 a3 80. Bd5 Nc3 81. Bb3 a2 82. Bxa2 Nxa2 83. h5 Nb4 84. h6 Nc6+ 85. Kf6 Ne7 0-1

[Event "Valencia Cuna op 5th"]
[Site "Valencia"]
[Date "2024.07.08"]
[Round "3"]
[White "Arizmendi Martinez, Julen Luis"]
[Black "Baasansuren, Erdene"]
[Result "1-0"]
[WhiteElo "2520"]
[BlackElo "2370"]
[PlyCount "71"]
[EventDate "2024.07.06"]
[EventType "swiss"]
[EventRounds "9"]
[EventCountry "ESP"]
[SourceTitle "CBM 221 Extra"]
[Source "ChessBase"]
[SourceDate "2024.09.30"]
[SourceVersion "1"]
[SourceVersionDate "2024.09.30"]
[SourceQuality "1"]

1. e4 c5 2. Nf3 d6 3. d4 Nf6 4. Nc3 cxd4 5. Nxd4 a6 6. Qd3 e5 7. Nf5 Bxf5 8. exf5 d5 9. Bg5 d4 10. Ne4 Nbd7 11. 0-0-0 Rc8 12. f4 Be7 13. Bxf6 gxf6 14. g4 exf4 15. Qxd4 Qc7 16. Bd3 Ne5 17. g5 Rd8 18. Qa4+ b5 19. Bxb5+ axb5 20. Qxb5+ Qc6 21. Nxf6+ Bxf6 22. Rxd8+ Kxd8 23. Qb8+ Ke7 24. gxf6+ Qxf6 25. Qb7+ Kf8 26. Qb4+ Qe7 27. Qb8+ Qe8 28. Qd6+ Qe7 29. Qh6+ Ke8 30. Qxf4 Rg8 31. f6 Qd6 32. Re1 Rg1 33. Qa4+ Kd8 34. Rxg1 Nd3+ 35. Kb1 Qb6 36. Rg8+ 1-0